[Event "Mästar Elit"]
[Site "Kungsör"]
[Date "2009.07.07"]
[Round "9"]
[White "Lögdahl, Harald"]
[Black "Janse, Love"]
[Result "1/2-1/2"]
[WhiteElo "2310"]
[BlackElo "2142"]
[Annotator ""]

1.e4 g6 2.d4 d6 3.Nc3 c6 4.Be3 Bg7 5.Qd2 Nd7 6.h4 h5 7.Nh3 b5
8.Ng5 Nb6 9.f3 Nf6 10.a4 b4 11.Nd1 a5 12.c3 bxc3 13.bxc3 Ba6
14.Bxa6 Rxa6 15.O-O Ra8 16.Qa2 O-O 17.Nf2 d5 18.Nd3 Nc4 19.Bf4
Nd7 20.Rab1 e5 21.exd5 cxd5 22.dxe5 Ndxe5 23.Nxe5 Nxe5 24.Rb5
Nc4 25.Rd1 Qf6 26.Nh3 Qxc3 27.Rbxd5 Ne3 28.Bxe3 Qxe3+ 29.Kh1
Bf6 30.Rd6 Rad8 31.f4 Rxd6 32.Rxd6 Qe1+ 33.Kh2 Bxh4 34.Rxg6+
Kh7 35.Rg5 Bxg5 36.Nxg5+ Kh6 37.Nxf7+ Kg6 38.Ng5 Rxf4 39.Nh3
Rf7 40.Qc2+ Kf6 41.Qc6+ Kg7 42.Qd5 Rf1 43.Qg5+ Kf8 44.Qc5+ Qe7
45.Qxa5 Qd6+ 46.g3 Qd4 47.Qa8+ Kg7 48.Qb7+ Kh6 49.Qc6+ Rf6 50.Qc1+
Kh7 51.Qc7+ Kg8 52.Qc8+ Rf8 53.Qe6+ Kg7 54.Nf4 Qf2+ 55.Kh3 Qf1+
56.Kh4 Rxf4+ 1/2-1/2

[Event "Mästar Elit"]
[Site "Kungsör"]
[Date "2009.07.07"]
[Round "9"]
[White "Vas, Peter"]
[Black "Persson, Andreas"]
[Result "1-0"]
[WhiteElo "2232"]
[BlackElo "2123"]
[Annotator ""]

1.e4 d6 2.d4 Nf6 3.f3 c6 4.c4 g6 5.Nc3 a6 6.Be3 b5 7.Qd2 Nbd7
8.Rd1 Qc7 9.d5 cxd5 10.Nxd5 Nxd5 11.cxd5 Bg7 12.Rc1 Qd8 13.Ne2
O-O 14.Nd4 Nf6 15.Be2 e6 16.dxe6 fxe6 17.O-O d5 18.e5 Ne8 19.f4
Qe7 20.Rc2 Bd7 21.Nf3 Qd8 22.Rfc1 Rf7 23.Ng5 Rf5 24.h4 h6 25.Nf3
Bf8 26.Bd3 Kg7 27.Bxf5 gxf5 28.Qf2 Qa5 29.b3 Rb8 30.Qg3+ Kh8
31.Qg6 Qd8 32.Bc5 Bg7 33.Nd4 Qxh4 34.Nxe6 Bxe6 35.Qxe6 Qxf4 36.Rf1
Qxe5 37.Qxe5 Bxe5 38.Rxf5 Bg7 39.Rxd5 Nf6 40.Rd1 Re8 41.Bd4 Re6
42.Rc7 Kh7 43.Rdc1 1-0

[Event "Mästar Elit"]
[Site "Kungsör"]
[Date "2009.07.08"]
[Round "10"]
[White "Bryntze, Stefan"]
[Black "Vas, Peter"]
[Result "1/2-1/2"]
[WhiteElo "2010"]
[BlackElo "2232"]
[Annotator ""]

1.b3 d5 2.Bb2 Nf6 3.e3 Bg4 4.Be2 Bxe2 5.Qxe2 c6 6.f4 Nbd7 7.Nf3
e6 8.O-O Bd6 9.d3 Qc7 10.Nbd2 e5 11.c4 O-O-O 1/2-1/2

[Event "Mästar Elit"]
[Site "Kungsör"]
[Date "2009.07.08"]
[Round "10"]
[White "Collett, Peter"]
[Black "Lögdahl, Harald"]
[Result "1-0"]
[WhiteElo "2195"]
[BlackElo "2310"]
[Annotator ""]

1.d4 d5 2.c4 Nc6 3.Nc3 dxc4 4.Nf3 Nf6 5.Bg5 a6 6.d5 Na7 7.Qa4+
Bd7 8.Qxc4 Nb5 9.e4 Nxc3 10.bxc3 Bb5 11.Qd4 Bxf1 12.Kxf1 g6 13.Bxf6
exf6 14.g3 Bg7 15.Kg2 O-O 16.c4 Re8 17.Rhe1 b6 18.c5 Bf8 19.cxb6
cxb6 20.Rab1 Bc5 21.Qc4 Qd6 22.a4 Rec8 23.Nd4 Bxd4 24.Qxd4 Rc5
25.Rec1 h5 26.Rxb6 Qxb6 27.Qxc5 Qb2 28.Qc3 Rb8 29.Qxb2 Rxb2 30.Rc6
Rb4 31.d6 Kg7 32.Rxa6 Rxe4 33.d7 Rd4 34.Ra7 Kf8 35.Ra8+ Ke7 36.d8Q+
Rxd8 37.Rxd8 Kxd8 1-0

[Event "Mästar Elit"]
[Site "Kungsör"]
[Date "2009.07.08"]
[Round "10"]
[White "Janse, Love"]
[Black "Ask, Josef"]
[Result "0-1"]
[WhiteElo "2142"]
[BlackElo "2191"]
[Annotator ""]

1.e4 Nf6 2.Nc3 e5 3.Bc4 Bb4 4.Qf3 Nc6 5.Nge2 d6 6.h3 a6 7.a3
Bc5 8.d3 h6 9.Nd5 Nxd5 10.Bxd5 Be6 11.Bxc6+ bxc6 12.Ng3 Rb8 13.Nh5
Rh7 14.Qg3 g6 15.f4 gxh5 16.f5 Kd7 17.Rf1 Qg8 18.fxe6+ fxe6 19.Qf3
d5 20.exd5 cxd5 21.Be3 Rf8 22.Qe2 Qg3+ 23.Kd2 d4 24.Bg1 Qg5+
25.Ke1 Rhf7 26.Rxf7+ Rxf7 27.c3 Qg3+ 28.Kd2 Rg7 29.Re1 Qxg2 30.Bh2
Bd6 31.Kd1 dxc3 32.bxc3 Qxh3 33.Bxe5 Rg2 34.Qf1 Qg4+ 35.Kc1 Qg5+
36.Kb1 Qd2 37.Qf7+ Be7 0-1

[Event "Mästar Elit"]
[Site "Kungsör"]
[Date "2009.07.08"]
[Round "10"]
[White "Laksman, Efraim"]
[Black "Azizi, Haroon"]
[Result "1-0"]
[WhiteElo "2165"]
[BlackElo "2162"]
[Annotator ""]

1.d4 d5 2.c4 Nc6 3.cxd5 Qxd5 4.Nf3 e5 5.Nc3 Bb4 6.Bd2 Bxc3 7.Bxc3
e4 8.Ne5 Nge7 9.Nxc6 Nxc6 10.e3 Be6 11.Qa4 a6 12.Bb4 f5 13.b3
b5 14.Qa3 a5 15.Bc5 Rb8 16.Be2 Kf7 17.O-O Rhe8 18.f3 Kg8 19.fxe4
fxe4 20.Rf4 Kh8 21.Raf1 h6 22.Qc1 a4 23.Bd1 b4 24.R1f2 a3 25.Qc2
Bg8 26.Rf5 Qd7 27.Bh5 Red8 28.Bf8 Nxd4 29.exd4 e3 30.Rf1 Bh7
31.Bc5 Bxf5 32.Qxf5 Qb5 33.Qe4 Rf8 34.Bxf8 Qxh5 35.Qxe3 Re8 36.Qg3 1-0

[Event "Mästar Elit"]
[Site "Kungsör"]
[Date "2009.07.08"]
[Round "10"]
[White "Landgren, Andreas"]
[Black "Eriksson, Anders"]
[Result "1/2-1/2"]
[WhiteElo "2184"]
[BlackElo "2346"]
[Annotator ""]

1.d4 Nf6 2.c4 e6 3.Nc3 Bb4 4.Qc2 O-O 5.a3 Bxc3+ 6.Qxc3 b6 7.Nf3
d6 8.e3 Nbd7 9.Be2 Bb7 10.O-O Ne4 11.Qc2 f5 12.b4 Rf6 13.d5 exd5
14.Bb2 Rg6 15.Rad1 dxc4 16.Bxc4+ Kh8 17.Bd5 Bxd5 18.Rxd5 c5 19.Rxf5 1/2-1/2

[Event "Mästar Elit"]
[Site "Kungsör"]
[Date "2009.07.08"]
[Round "10"]
[White "Nygren, David"]
[Black "Frisk-Kockum, Anton"]
[Result "0-1"]
[WhiteElo "2144"]
[BlackElo "2255"]
[Annotator ""]

1.e4 e6 2.d4 d5 3.Nc3 Bb4 4.e5 Qd7 5.Bd2 b6 6.Bb5 c6 7.Ba4 Ba6
8.Nce2 Bxd2+ 9.Qxd2 Bb5 10.Bb3 c5 11.c3 Nc6 12.Nf3 Nge7 13.O-O
Na5 14.Bd1 O-O 15.Re1 Ng6 16.Ng3 cxd4 17.Qxd4 Nc6 18.Qg4 Qc7
19.Nh5 Bd3 20.Qh3 h6 21.Nd4 Nxd4 22.Qxd3 Nf5 23.Qe2 d4 24.g4
Nfh4 25.cxd4 Rad8 26.Qe3 Qc4 27.Rf1 Rxd4 28.f4 Rfd8 29.Be2 Qc2
30.Rac1 Qxb2 31.f5 Rxg4+ 32.Ng3 exf5 33.e6 fxe6 34.Qxe6+ Kh7
35.Rc7 Nf4 36.Rxf4 Rxf4 0-1

[Event "Mästar Elit"]
[Site "Kungsör"]
[Date "2009.07.08"]
[Round "10"]
[White "Persson, Andreas"]
[Black "Lind, Jan-Olov"]
[Result "1/2-1/2"]
[WhiteElo "2123"]
[BlackElo "2231"]
[Annotator ""]

1.e4 c5 2.Nf3 e6 3.c3 b6 4.d4 Bb7 5.Bd3 Nf6 6.Qe2 Be7 7.O-O Nc6
8.a3 Na5 9.Nbd2 c4 10.Bc2 Qc7 11.e5 Nd5 12.Ne4 h6 13.Be3 g5 14.Nd6+
Bxd6 15.exd6 Qc6 16.Kh1 Nf6 17.Rg1 Qxd6 18.Ne5 Qc7 19.f4 O-O-O
20.Nxf7 gxf4 21.Nxd8 Rxd8 22.Raf1 Nd5 23.Bc1 b5 24.Qe5 Qxe5 25.dxe5
Nc6 26.Bxf4 Nxf4 27.Rxf4 Nxe5 28.Re1 Rg8 29.Rf2 Ng4 30.Rd2 Rg5
31.Kg1 Kc7 32.a4 a6 33.axb5 axb5 34.h3 Ne5 35.Kh2 d6 36.Rf1 Bd5
37.Rf6 h5 38.Rh6 b4 39.Bd1 Nd3 40.Rxh5 Rg7 41.Bf3 Bxf3 42.gxf3
d5 43.Rh6 Kd6 44.h4 b3 45.Rh8 Ne5 46.Rf2 Nd3 47.Rd2 Ra7 48.h5
Nf4 49.Kg3 Ke5 50.h6 Ng6 51.Rg8 Kf6 52.Rh2 Rh7 53.Kf2 Ne5 54.Ke3
Nf7 55.Rf8 Ke7 56.Ra8 Rxh6 57.Ra7+ Kd6 58.Ra6+ Ke5 59.Rg2 Rh3
60.Rg6 Nd6 61.Rg2 Nf5+ 62.Kf2 Nh4 63.Rg5+ Kf6 64.Rxd5 Rxf3+ 65.Ke2
Rh3 66.Rc5 Rh2+ 67.Ke3 Nf5+ 68.Ke4 Re2+ 69.Kf4 Ne7 70.Rxc4 Rxb2
71.Ke4 Nd5 72.Ra3 Re2+ 73.Kd3 b2 74.Rb3 Rh2 75.Re4 Kf5 76.Re1
Nf4+ 77.Kc4 Rd2 78.Rb5+ Kg4 79.Rb1 Nd3 80.Kd4 Kf4 81.c4 Nf2+
82.Kc3 Ne4+ 83.Kb3 Nd6 84.Rb8 Rd3+ 1/2-1/2

[Event "Mästar Elit"]
[Site "Kungsör"]
[Date "2009.07.09"]
[Round "11"]
[White "Ask, Josef"]
[Black "Collett, Peter"]
[Result "1/2-1/2"]
[WhiteElo "2191"]
[BlackElo "2195"]
[Annotator ""]

1.e4 e5 2.Nf3 Nc6 3.Bb5 a6 4.Ba4 Nf6 5.O-O Be7 6.Re1 b5 7.Bb3
d6 8.c3 O-O 9.h3 Na5 10.Bc2 c5 11.d4 Qc7 12.Nbd2 Bd7 13.Nf1 Nc4
14.b3 Nb6 15.Ne3 c4 16.Ba3 Rfe8 17.Qd2 Bf8 18.Rad1 cxb3 19.axb3
a5 20.d5 Rec8 21.Bb2 a4 22.Qd3 axb3 23.Bxb3 Na4 24.Bxa4 Rxa4
25.Nd2 g6 26.Nc2 Bh6 27.Nb4 Nh5 28.g3 Bxd2 29.Rxd2 Qc4 30.Kg2 1/2-1/2

[Event "Mästar Elit"]
[Site "Kungsör"]
[Date "2009.07.09"]
[Round "11"]
[White "Azizi, Haroon"]
[Black "Janse, Love"]
[Result "1/2-1/2"]
[WhiteElo "2162"]
[BlackElo "2142"]
[Annotator ""]

1.e4 g6 2.d4 d6 3.Nc3 c6 4.Nf3 Bg7 5.a4 Nd7 6.Be3 Ngf6 7.h3 O-O
8.Be2 e5 9.dxe5 dxe5 10.Qd3 Qe7 11.Qc4 Nh5 12.g3 Nb6 13.Qc5 Qxc5
14.Bxc5 Rd8 15.a5 Nd7 16.Rd1 Re8 17.Be3 Bf8 18.Ng5 Bb4 19.Bc4
Re7 20.Ra1 Nf8 21.Kf1 Ne6 22.Kg2 Nxg5 23.Bxg5 Re8 24.Rhd1 Kg7
25.Ne2 Nf6 26.f3 Be6 27.Bxe6 Rxe6 28.c3 Bd6 29.g4 Bc7 30.Be3
a6 31.c4 Rd8 32.Rxd8 Bxd8 33.Nc3 Rd6 34.Kf2 Nd7 35.c5 Re6 36.Rd1
Re7 37.b4 Bc7 38.Na4 Nf8 39.Nb2 Rd7 40.Rxd7 Nxd7 41.Nc4 Nf8 42.Bd2
Ne6 43.Bc3 f6 44.h4 Nf4 45.Bd2 Ne6 46.Bc3 1/2-1/2

[Event "Mästar Elit"]
[Site "Kungsör"]
[Date "2009.07.09"]
[Round "11"]
[White "Eriksson, Anders"]
[Black "Laksman, Efraim"]
[Result "1-0"]
[WhiteElo "2346"]
[BlackElo "2165"]
[Annotator ""]

1.Nf3 Nf6 2.c4 g6 3.g3 Bg7 4.Bg2 O-O 5.O-O d5 6.cxd5 Nxd5 7.Nc3
c5 8.Nxd5 Qxd5 9.d3 Nc6 10.Be3 Qd6 11.Rc1 Bxb2 12.Bxc5 Qf6 13.Rc2
Rd8 14.Qd2 Bd4 15.Nxd4 Nxd4 16.Rb2 Nc6 17.Rc1 Rd7 18.Be3 Rc7
19.d4 Bf5 20.d5 Rd7 21.Bg5 Qe5 22.Bf4 Qg7 23.e4 Bg4 24.h3 Bh5
25.Bh6 1-0

[Event "Mästar Elit"]
[Site "Kungsör"]
[Date "2009.07.09"]
[Round "11"]
[White "Frisk-Kockum, Anton"]
[Black "Persson, Andreas"]
[Result "1-0"]
[WhiteElo "2255"]
[BlackElo "2123"]
[Annotator ""]

1.d4 d6 2.Nf3 g6 3.c4 Bg7 4.Nc3 Bg4 5.e3 c5 6.Be2 Nc6 7.d5 Na5
8.O-O Nf6 9.Qc2 O-O 10.b3 e5 11.Bb2 a6 12.Rae1 Rb8 13.a4 Qb6
14.Nd2 Bxe2 15.Rxe2 Nd7 16.Nce4 Qc7 17.Bc3 b6 18.f4 f6 19.h4
Bh6 20.f5 g5 21.hxg5 Bxg5 22.Nxg5 fxg5 23.Ne4 h6 24.f6 Rf7 25.g4
Nf8 26.Rh2 Rh7 27.Ng3 Qd7 28.Nf5 Kf7 29.Rxh6 Rxh6 30.Nxh6+ Ke8
31.f7+ Kd8 32.Rf6 Nb7 33.Nf5 Kc7 34.Qh2 b5 35.Bxe5 1-0

[Event "Mästar Elit"]
[Site "Kungsör"]
[Date "2009.07.09"]
[Round "11"]
[White "Lind, Jan-Olov"]
[Black "Bryntze, Stefan"]
[Result "0-1"]
[WhiteElo "2231"]
[BlackElo "2010"]
[Annotator ""]

1.e4 e5 2.Nf3 Nc6 3.Be2 f5 4.d4 fxe4 5.Nxe5 Qf6 6.f4 Nge7 7.Nc3
d5 8.Nb5 Nf5 9.O-O Bd6 10.c3 a6 11.Na3 Be6 12.Nc2 O-O-O 13.Nxc6
bxc6 14.Bxa6+ Kd7 15.Be2 h5 16.Ne3 Rdg8 17.Nxf5 Bxf5 18.Be3 g5
19.fxg5 Rxg5 20.Rf2 Rhg8 21.Kh1 Bxh2 22.Bxg5 Qxg5 23.Kxh2 e3
24.Qf1 exf2 25.Qxf2 Be4 26.g3 h4 27.g4 Qd2 28.Rf1 Re8 29.Bd1
Qd3 30.Re1 Rf8 31.Qe3 Qxe3 32.Rxe3 Rf1 33.Rxe4 dxe4 34.Bb3 e3
35.Bc4 e2 36.Bxe2 Rf2+ 37.Kh3 Rxe2 38.Kxh4 Rxb2 0-1

[Event "Mästar Elit"]
[Site "Kungsör"]
[Date "2009.07.09"]
[Round "11"]
[White "Lögdahl, Harald"]
[Black "Nygren, David"]
[Result "0-1"]
[WhiteElo "2310"]
[BlackElo "2144"]
[Annotator ""]

1.e4 e6 2.d4 d5 3.Nd2 c5 4.exd5 Qxd5 5.Ngf3 cxd4 6.Bc4 Qd6 7.Qe2
Nf6 8.Nb3 Nc6 9.Bg5 Qb4+ 10.Bd2 Qb6 11.O-O-O a6 12.Bf4 Bc5 13.Ne5
Na5 14.Rd3 Nxb3+ 15.Bxb3 O-O 16.Rhd1 Nd5 17.Bh6 Ne7 18.Rg3 Ng6
19.Qh5 Bd6 20.Ng4 Bxg3 21.hxg3 f5 22.Bxg7 Kxg7 23.Rh1 Rh8 24.Qh6+
Kf7 25.Nh2 Bd7 26.Nf3 Rag8 27.Re1 Ke8 28.Ng5 Qb4 29.Qh1 Nf8 30.Qh5+
Rg6 31.Nf3 Bc6 32.a3 Bxf3 33.Qxg6+ hxg6 34.axb4 Bxg2 35.Bxe6
Rh1 36.Rxh1 Bxh1 37.Bc4 Ke7 38.Kd2 Be4 39.c3 dxc3+ 40.bxc3 Nd7
41.Ke3 Ne5 42.Be2 Bc6 43.f4 Nd7 44.Kd4 Kd6 45.g4 fxg4 46.Bxg4
Nf6 47.Bc8 Nd5 48.f5 Ne7 0-1

[Event "Mästar Elit"]
[Site "Kungsör"]
[Date "2009.07.09"]
[Round "11"]
[White "Vas, Peter"]
[Black "Landgren, Andreas"]
[Result "1-0"]
[WhiteElo "2232"]
[BlackElo "2184"]
[Annotator ""]

1.e4 c5 2.Nf3 d6 3.d4 cxd4 4.Nxd4 Nf6 5.Nc3 a6 6.Be2 e6 7.O-O
Be7 8.f4 O-O 9.Be3 Nc6 10.a4 Qc7 11.Qe1 Nb4 12.Qg3 b6 13.Kh1
Bb7 14.Bf3 d5 15.e5 Ne4 16.Bxe4 dxe4 17.f5 exf5 18.Nxf5 g6 19.Nh6+
Kg7 20.Nxf7 Rfe8 21.Bd4 Qc4 22.Rad1 Nxc2 23.e6+ Qxd4 24.Rxd4 1-0

[Event "Mästar Elit"]
[Site "Kungsör"]
[Date "2009.07.10"]
[Round "12"]
[White "Bryntze, Stefan"]
[Black "Frisk-Kockum, Anton"]
[Result "0-1"]
[WhiteElo "2010"]
[BlackElo "2255"]
[Annotator ""]

1.f4 g6 2.Nf3 Bg7 3.c4 c5 4.Nc3 d6 5.Qc2 Nc6 6.b3 Bg4 7.Bb2 Bxf3
8.gxf3 Nd4 9.Qb1 Nf6 10.Kf2 O-O 11.e3 Nc6 12.h4 e5 13.f5 Qe7
14.Bd3 Nb4 15.Be4 Nxe4+ 16.Nxe4 d5 17.f6 Bxf6 18.Nxf6+ Qxf6 19.a3
Na6 20.cxd5 Qd6 21.Qe4 Rae8 22.h5 g5 23.h6 f6 24.Rhg1 Nc7 25.Rac1
Nxd5 26.Qc4 Rf7 27.Qxc5 Qd7 28.d4 e4 29.f4 Kh8 30.Rg3 gxf4 31.exf4
Qf5 32.Rcg1 e3+ 33.Kg2 e2 34.Re1 Nxf4+ 35.Kh2 Nd5 36.Qb5 Qf2+
37.Kh3 Nf4+ 38.Kg4 Rg8+ 39.Kf5 Qxg3 0-1

[Event "Mästar Elit"]
[Site "Kungsör"]
[Date "2009.07.10"]
[Round "12"]
[White "Collett, Peter"]
[Black "Azizi, Haroon"]
[Result "1-0"]
[WhiteElo "2195"]
[BlackElo "2162"]
[Annotator ""]

1.d4 d5 2.c4 Nc6 3.Nc3 dxc4 4.Nf3 Nf6 5.Bg5 h6 6.Bh4 a6 7.e4
Bg4 8.d5 Na5 9.e5 Nh7 10.Qa4+ c6 11.b4 b5 12.Qxa5 cxd5 13.Qxd8+
Rxd8 14.Nd4 g5 15.Bg3 e6 16.a3 Bg7 17.Be2 Bxe2 18.Kxe2 Nf8 19.Kd2
Ng6 20.Rhe1 O-O 21.a4 a5 22.Ncxb5 axb4 23.Nc6 Rd7 24.Nxb4 f5
25.exf6 Bxf6 26.Nc3 e5 27.Kc2 d4 28.Ne4 Bg7 29.a5 Ra8 30.a6 Nf4
31.Reb1 Rc7 32.Ra5 Bf8 33.Bxf4 d3+ 34.Kc3 exf4 35.Nf6+ Kf7 36.Nfd5
Bg7+ 37.Kd2 Rcc8 38.Nb6 Re8 39.Nxc4 Re2+ 40.Kxd3 Rxf2 41.Rg1
g4 42.a7 f3 43.Nb6 Rxg2 44.Nxa8 Rxg1 45.Nc7 Rd1+ 46.Kc2 Rd8 47.a8Q
Rxa8 48.Nxa8 Kg6 49.Kd3 1-0

[Event "Mästar Elit"]
[Site "Kungsör"]
[Date "2009.07.10"]
[Round "12"]
[White "Eriksson, Anders"]
[Black "Vas, Peter"]
[Result "1/2-1/2"]
[WhiteElo "2346"]
[BlackElo "2232"]
[Annotator ""]

1.c4 Nf6 2.Nf3 e6 3.g3 d5 4.Bg2 Be7 5.O-O O-O 6.d4 dxc4 7.Qc2
a6 8.Qxc4 b5 9.Qc2 Bb7 10.Bd2 Be4 1/2-1/2

[Event "Mästar Elit"]
[Site "Kungsör"]
[Date "2009.07.10"]
[Round "12"]
[White "Laksman, Efraim"]
[Black "Janse, Love"]
[Result "0-1"]
[WhiteElo "2165"]
[BlackElo "2142"]
[Annotator ""]

1.d4 f5 2.g3 Nf6 3.Bg2 d6 4.Nf3 g6 5.O-O Bg7 6.Nbd2 Nc6 7.Re1
e5 8.dxe5 dxe5 9.e4 f4 10.Nc4 Qxd1 11.Rxd1 Nh5 12.b4 Bg4 13.h3
Be6 14.g4 Bxc4 15.gxh5 gxh5 16.Bb2 Rd8 17.Bf1 Bxf1 18.Kxf1 a6
19.a4 Nxb4 20.Ng5 Ke7 21.Ba3 c5 22.c3 Nd3 23.Ke2 Kf6 24.Rxd3
Rxd3 25.Kxd3 Kxg5 26.Rg1+ Kf6 27.Rb1 Rd8+ 28.Kc4 Rd7 29.Bxc5
Kg5 30.Kb3 Kh4 31.Rh1 Bf6 32.Kc2 Rc7 33.Bd6 Rc4 34.Bb4 Rc8 35.Kd3
b6 36.a5 bxa5 37.Bxa5 Bd8 38.Bb4 a5 39.Bd6 Bf6 40.Kc2 Rc6 41.Bf8
Rc4 42.Kd3 Ra4 43.Bd6 Ra2 44.c4 Rxf2 45.c5 Rf3+ 46.Kd2 Rxh3 47.c6
Rxh1 48.c7 f3 49.Bc5 Bg5+ 50.Kd3 Rd1+ 51.Kc2 Rd8 0-1

[Event "Mästar Elit"]
[Site "Kungsör"]
[Date "2009.07.10"]
[Round "12"]
[White "Landgren, Andreas"]
[Black "Lind, Jan-Olov"]
[Result "1-0"]
[WhiteElo "2184"]
[BlackElo "2231"]
[Annotator ""]

1.d4 Nf6 2.c4 g6 3.Nc3 Bg7 4.e4 d6 5.Nf3 O-O 6.h3 e5 7.d5 a5
8.Bg5 Na6 9.Nd2 Nc5 10.Nb3 h6 11.Nxc5 hxg5 12.Nd3 c6 13.g4 b5
14.cxb5 cxb5 15.Bg2 b4 16.Na4 Bd7 17.O-O Rb8 18.a3 Nxe4 19.Bxe4
f5 20.gxf5 gxf5 21.Bg2 e4 22.Ne1 Qe8 23.axb4 Rxb4 24.Nc3 Rxb2
25.Qc1 Rb3 26.Ra3 Rxa3 27.Qxa3 Qe5 28.Nb1 a4 29.Nc2 Rb8 30.Ne3
Bb5 31.Rd1 Qf4 32.Nd2 Be5 33.Ndf1 Bd3 34.Qxa4 Bb5 35.Qa7 Rf8
36.Ng3 Rf7 37.Qb8+ Kh7 38.Qxb5 g4 39.Qe8 Rg7 40.hxg4 1-0

[Event "Mästar Elit"]
[Site "Kungsör"]
[Date "2009.07.10"]
[Round "12"]
[White "Nygren, David"]
[Black "Ask, Josef"]
[Result "0-1"]
[WhiteElo "2144"]
[BlackElo "2191"]
[Annotator ""]

1.e4 e6 2.d4 d5 3.e5 c5 4.c3 Qb6 5.Nf3 Nc6 6.a3 c4 7.Nbd2 f6
8.exf6 Nxf6 9.b3 cxb3 10.Rb1 Bd6 11.Rxb3 Qc7 12.c4 O-O 13.Bd3
Na5 14.Rc3 e5 15.dxe5 Bxe5 16.Rc2 Bd7 17.cxd5 Qd6 18.Nc4 Nxc4
19.Rxc4 Bb5 20.Rh4 Bc3+ 21.Ke2 Qxd5 22.Qc2 0-1

[Event "Mästar Elit"]
[Site "Kungsör"]
[Date "2009.07.10"]
[Round "12"]
[White "Persson, Andreas"]
[Black "Lögdahl, Harald"]
[Result "1/2-1/2"]
[WhiteElo "2123"]
[BlackElo "2310"]
[Annotator ""]

1.e4 Nf6 2.e5 Nd5 3.d4 d6 4.c4 Nb6 5.exd6 cxd6 6.Nc3 g6 7.Be3
Bg7 8.Rc1 O-O 9.b3 e5 10.dxe5 dxe5 11.Qxd8 Rxd8 12.c5 N6d7 13.Nf3
Nc6 14.Bc4 h6 15.Ne4 Nf8 16.Nd6 Rd7 17.O-O Re7 18.Rfd1 Be6 19.Kf1
f5 20.a3 e4 21.Nd4 Bxc4+ 22.Nxc4 Bxd4 23.Bxd4 Ne6 24.Bf6 Rf7
25.Bb2 Nxc5 26.Nd6 Nd3 27.Nxf7 Kxf7 28.Rc2 Ke6 29.Bg7 Rg8 30.Ba1
Kd5 31.b4 a6 32.Ke2 Rc8 33.Kf1 b5 34.f3 Ne7 35.fxe4+ fxe4 36.Rxc8
Nxc8 37.Ke2 Nd6 38.Rf1 Nc4 39.Rf6 Nxa3 40.Rxa6 Nc2 41.Bc3 Kc4
42.Kd2 Ndxb4 43.Bxb4 Nxb4 44.Rxg6 Nd5 45.Rxh6 b4 46.Re6 Kd4 47.Kc2
Ne3+ 48.Kb3 Nxg2 49.Kxb4 1/2-1/2

[Event "Mästar Elit"]
[Site "Kungsör"]
[Date "2009.07.11"]
[Round "13"]
[White "Ask, Josef"]
[Black "Persson, Andreas"]
[Result "1/2-1/2"]
[WhiteElo "2191"]
[BlackElo "2123"]
[Annotator ""]

1.c4 e5 2.Nc3 d6 3.Nf3 f5 4.d4 e4 5.Bg5 Be7 6.Bxe7 Qxe7 7.Nd5
Qd8 8.Nd2 Nf6 9.Nxf6+ Qxf6 10.e3 O-O 11.Be2 Be6 12.O-O c5 13.d5
Bf7 14.Rb1 Nd7 15.Qc2 Qh6 16.Qc3 b6 17.b4 Rfc8 18.b5 Re8 19.a4
Re7 20.a5 1/2-1/2

[Event "Mästar Elit"]
[Site "Kungsör"]
[Date "2009.07.11"]
[Round "13"]
[White "Azizi, Haroon"]
[Black "Nygren, David"]
[Result "1/2-1/2"]
[WhiteElo "2162"]
[BlackElo "2144"]
[Annotator ""]

1.d4 Nf6 2.Nc3 d5 3.Bg5 c5 4.Bxf6 gxf6 5.e4 dxe4 6.dxc5 f5 7.Qh5
Qa5 8.Nh3 Bg7 9.O-O-O Be6 10.Nf4 Bxa2 11.Qxf5 O-O 12.Nxe4 Nc6
13.Nh5 Nd4 14.Nhf6+ exf6 15.Rxd4 Qe1+ 16.Rd1 Bh6+ 17.f4 Qe3+
18.Rd2 Qe1+ 19.Rd1 Qe3+ 20.Rd2 1/2-1/2

[Event "Mästar Elit"]
[Site "Kungsör"]
[Date "2009.07.11"]
[Round "13"]
[White "Frisk-Kockum, Anton"]
[Black "Landgren, Andreas"]
[Result "1/2-1/2"]
[WhiteElo "2255"]
[BlackElo "2184"]
[Annotator ""]

1.d4 d5 2.Nf3 e6 3.c4 c6 4.Nc3 dxc4 5.a4 Bb4 6.e3 b5 7.Bd2 a5
8.axb5 Bxc3 9.Bxc3 cxb5 10.b3 Bb7 11.d5 Nf6 12.bxc4 b4 13.Bxf6
Qxf6 14.Qa4+ Ke7 15.Nd4 e5 16.Nb3 Nd7 17.Be2 Rhc8 18.O-O Nc5
19.Nxc5 Rxc5 20.Rad1 Rd8 21.f4 Kf8 22.fxe5 Qxe5 23.Rf3 Bc8 24.Rdf1
f6 25.Rg3 Bf5 26.Rf4 Bg6 27.h4 Qc3 28.Qd1 b3 29.Qd4 Qxd4 30.exd4
b2 31.Rb3 Rcxd5 32.Rxb2 Rxd4 33.Rxd4 Rxd4 34.Ra2 Re4 35.Bf3 Rxc4
36.Rxa5 Rxh4 37.Ra8+ Ke7 38.Ra7+ Ke6 39.Rxg7 Rb4 40.Ra7 Kf5 41.Ra6
Kg5 42.Ra5+ f5 43.Kh2 Kf4 44.Ra7 Rd4 1/2-1/2

[Event "Mästar Elit"]
[Site "Kungsör"]
[Date "2009.07.11"]
[Round "13"]
[White "Janse, Love"]
[Black "Collett, Peter"]
[Result "1/2-1/2"]
[WhiteElo "2142"]
[BlackElo "2195"]
[Annotator ""]

1.e4 e5 2.Nc3 Nf6 3.Bc4 Nc6 4.d3 Na5 5.Nge2 c6 6.a4 Nxc4 7.dxc4
Be7 8.O-O d6 9.Qd3 Be6 10.b3 Qc7 1/2-1/2

[Event "Mästar Elit"]
[Site "Kungsör"]
[Date "2009.07.11"]
[Round "13"]
[White "Lind, Jan-Olov"]
[Black "Eriksson, Anders"]
[Result "1/2-1/2"]
[WhiteElo "2231"]
[BlackElo "2346"]
[Annotator ""]

1.e4 c6 2.d4 d5 3.exd5 cxd5 4.c4 Nf6 5.Nc3 e6 6.Nf3 Be7 7.cxd5
Nxd5 8.Bd3 O-O 9.O-O Nc6 10.Re1 Bf6 11.Re4 Bd7 12.h4 Re8 13.Ng5
h6 14.Nf3 Nxc3 15.bxc3 e5 16.g4 exd4 17.g5 dxc3 18.Rxe8+ Bxe8
19.gxf6 Qxf6 20.Rb1 Rd8 21.Qe2 Nd4 22.Nxd4 Qxd4 23.Be4 Bc6 24.Bxc6
Qd1+ 25.Qxd1 Rxd1+ 26.Kg2 bxc6 27.Rb8+ Kh7 28.Be3 1/2-1/2

[Event "Mästar Elit"]
[Site "Kungsör"]
[Date "2009.07.11"]
[Round "13"]
[White "Lögdahl, Harald"]
[Black "Bryntze, Stefan"]
[Result "1-0"]
[WhiteElo "2310"]
[BlackElo "2010"]
[Annotator ""]

1.e4 e5 2.Nc3 Nc6 3.g3 Bc5 4.Bg2 d6 5.d3 Nf6 6.Na4 Bd4 7.c3 Bxf2+
8.Kxf2 b5 9.Nf3 Ng4+ 10.Kg1 bxa4 11.h3 Nf6 12.Kh2 Bd7 13.Rf1
h5 14.Nh4 Ne7 15.Bg5 Qb8 16.Qd2 Qb5 17.Rf2 O-O-O 18.Rxf6 gxf6
19.Bxf6 Ng6 20.Nxg6 fxg6 21.b3 Qb6 22.d4 Rhf8 23.Bxd8 Rxd8 24.bxa4
Rf8 25.a5 Qb5 26.a6 Bc6 27.h4 Bd7 28.Rc1 Bg4 29.c4 Qxa6 30.c5
exd4 31.Qxd4 Qxa2 32.cxd6 Bf3 33.Rg1 Rf7 34.e5 Bc6 35.e6 Bxg2
36.d7+ Kd8 37.Qh8+ 1-0

[Event "Mästar Elit"]
[Site "Kungsör"]
[Date "2009.07.11"]
[Round "13"]
[White "Vas, Peter"]
[Black "Laksman, Efraim"]
[Result "1/2-1/2"]
[WhiteElo "2232"]
[BlackElo "2232"]
[Annotator ""]

1.e4 c5 2.Nf3 Nc6 3.d4 cxd4 4.Nxd4 Nf6 5.Nc3 e5 6.Ndb5 d6 7.Bg5
a6 8.Na3 b5 9.Nd5 Be7 10.Bxf6 Bxf6 11.c3 Bg5 12.Nc2 O-O 13.h4
Bh6 14.g4 Bf4 15.Qf3 Qa5 16.Ncb4 1/2-1/2